000 00619nam a2200193Ia 4500
005 20260114185654.0
008 008 260114s9999 xx 000 0 eng d
020 _a9781472599063
037 _aEBOOK
040 _aCRL
_beng
_cCRL
041 _aeng
_2eng
084 _qCRL
100 _aJerry B Pierce
_9872967
245 0 _aPoverty, Heresy, and the Apocalypse The Order of Apostles and Social Change in Medieval Italy 1260-1307
260 _bBloomsbury
_c2012
856 _uhttps://doi.org/10.5040/9781472599063?locatt=label:secondary_bloomsburyCollections
942 _cEBOOK
999 _c1471915
_d1471915